Normal view
MARC view
- Institution of Mechanical Engineers (Great Britain)
Entry Personal Name
001 - CONTROL NUMBER
- control field: 125172
003 - CONTROL NUMBER IDENTIFIER
- control field: NUST
005 - DATE AND TIME OF LATEST TRANSACTION
- control field: 20240816151437.0
008 - FIXED-LENGTH DATA ELEMENTS
- fixed length control field: 240816|| aca||aabn | a|a d
040 ## - CATALOGING SOURCE
- Original cataloging agency: NUST
- Transcribing agency: NUST
100 ## - HEADING--PERSONAL NAME
- Personal name: Institution of Mechanical Engineers (Great Britain)
670 ## - SOURCE DATA FOUND
- Source citation: Work cat.: (NUST)355903: Institution of Mechanical Engineers (Great Britain)., Hydropower developments:, 2004.
